| 000 | 00851nam a22002777a 4500 | ||
|---|---|---|---|
| 003 | CHAP | ||
| 005 | 20220817042459.0 | ||
| 008 | 971013s1981 r 00010 d | ||
| 010 | _a45893 | ||
| 011 | _a46865 | ||
| 035 | _a51006 | ||
| 040 | _cCHAP | ||
| 082 |
_a574.07 _bU5 |
||
| 110 | _aUNESCO | ||
| 245 | _aManual de la UNESCO para profesores de biología en América Latina | ||
| 260 |
_aMontevideo : _bUNESCO, _c1981 |
||
| 300 |
_a263 p. _b: ilus. |
||
| 590 |
_aBATCH-UPD _b10 _c20130110 _lUCH01 _h1905 |
||
| 590 |
_aBATCH-UPD _b10 _c20130410 _lUCH01 _h1232 |
||
| 590 |
_aBATCH-UPD _b10 _c20130914 _lUCH01 _h0633 |
||
| 590 |
_aCONVERSION _b10 _c20130109 _lUCH01 _h1325 |
||
| 650 | 1 | 4 |
_aBiología _xEstudio y enseñanza. _912782 |
| 901 | _aBK | ||
| 942 | _cLIBRO | ||
| 949 |
_a574.07 U5 _bBC _cLIBRO _d33724000527602 _eLIBRO _h65629 _i51006 _mDir _si _t720.00 |
||
| 999 |
_c45893 _d45893 |
||